000
00330nam a2200133Ia 4500
008
210210b1986 xxu||||| |||| 00| 0 eng d
082
_a
070.172 SARS
100
_a
SARKAR (Chanchal).
245
_a
Story of our newspapers.
260
_a
India
_b
National Book Trust
_c
1986
300
_a
64
690
_a
Journalism
906
_a
051215
999
_c
99746
_d
99746